Least Populated European Countries - Statistics

General Stats
  • This quiz has been taken 62 times
  • The average score is 19 of 20
Answer Stats
Population
Country % Correct
78,000 Andorra
100%
1,326,968 Estonia
100%
1,934,379 Latvia
100%
38,111 Liechtenstein
100%
602,000 Luxembourg
100%
32,742 San Marino
100%
37,000 Monaco
98%
2,797,000 Lithuania
96%
642,550 Montenegro
96%
842* Vatican City
96%
2,876,276 Albania
94%
2,075,301 North Macedonia
94%
2,070,050 Slovenia
94%
3,350,900 Moldova
93%
1,172,458 Cyprus
91%
350,710 Iceland
89%
1,935,259 Kosovo
89%
475,700 Malta
89%
3,511,372 Bosnia and Herzegovina
87%
2,925,000 Armenia
81%
No matching quizzes found
Score Distribution
Percent of People with Each Score
Percentile by Number Answered
Your Score History
You have not taken this quiz